| 000 | 00742nam a2200205Ia 4500 | ||
|---|---|---|---|
| 003 | GCL | ||
| 008 | 140319s9999 xx 000 0 ara d | ||
| 040 |
_aGCL / _cGCL |
||
| 082 | 0 | 4 |
_a956.506 _bا م |
| 100 | 1 | _aاحمد قدرى | |
| 245 | 1 | 0 |
_aمذكراتى عن الثورة العرابية الكبرى 1375هـ 1956 م / _cاحمد قدرى |
| 250 | _aالثانية | ||
| 260 |
_aسوريا : _bمنشورات وزارة الثقافة ، _c1993 |
||
| 300 |
_a288 ص ؛ _c24 سم |
||
| 490 |
_aقضايا وحوارات النهضة العربية ,9 _v9 |
||
| 650 | 0 | 4 | _aالعصر الحديث |
| 650 | 0 | 4 | _aمصر |
| 650 | 0 | 4 | _aمصر - تاريخ - العصر الحديث - الثورة العرابية |
| 942 |
_2ddc _cBK |
||
| 999 |
_c37081 _d37081 |
||